000 00521 a2200133 4500
082 _aMS-IT-8
100 _aSardar Ali
_999080
245 _aEnabling accurate anomaly detection using progressive security aware packet sampling
_cSardar Ali
260 _aIslamabad :
_bNUST School of Electrical Engineering & Computer Science,
_c2009.
300 _aviii, 55 p. :
_bill. ;
_c27 cm
500 _aSupervisor : Dr. Syed Ali Khayam.
856 _uhttp://10.250.8.41:8080/xmlui/handle/123456789/10043
942 _cPR
_kMS-IT-8 SAR
_2ddc
999 _c10070
_d10070